Bandeira de estados dos EUA - Statistics

Estatísticas Gerais
  • Esse quiz foi jogado 158 vezes
  • A pontuação média é 33 de 50
Estatísticas das Respostas
Imagem Resposta % Correto
California
97%
Arkansas
93%
Kansas
89%
Iowa
87%
Montana
84%
Florida
82%
Illinois
82%
Alaska
79%
Oklahoma
79%
Oregon
79%
Texas
77%
Washington
76%
Wisconsin
75%
Virginia
73%
Colorado
72%
Idaho
72%
Minnesota
71%
North Dakota
71%
Alabama
70%
Georgia
70%
Nevada
70%
Nebraska
69%
Ohio
69%
South Dakota
69%
Arizona
68%
Utah
68%
Indiana
67%
Maine
66%
Kentucky
62%
New York
62%
Wyoming
61%
Mississippi
59%
North Carolina
59%
New México
58%
Hawaii
57%
New Hampshire
57%
South Carolina
57%
West Virginia
57%
Vermont
54%
Delaware
53%
Massachusetts
53%
Michigan
52%
Maryland
51%
Connecticut
49%
Louisiana
49%
New Jersey
49%
Tennessee
46%
Missouri
44%
Rhode Island
43%
Pennsylvania
35%
Nenhum quiz correspondente encontrado
Distribuição das Pontuações
Porcentagem de Pessoas com Cada Pontuação
Percentil de Números Respondidos
Sua Pontuação Histórica
Você não jogou esse quiz